Nuevo modelo conceptual de transferencia del conocimiento (Registro nro. 320917)

Detalles MARC
000 -ENCABEZADO
Número de control [NR] 00867nam a22002297a 4500
005 - FECHA Y HORA DE LA ÚLTIMA TRANSACCIÓN
control field 20220425101230.0
008 - DE LONGITUD FIJA DE DATOS DE ELEMENTOS - INFORMACIÓN GENERAL
Elementos de longitud fija [NR] 220408t2021 sp a|||g |||| 001 0 spa d
020 ## - NUMERO INTERNACIONAL NORMALIZADO PARA LIBROS [R]
Número Internacional Normalizado del libro [NR] 9788413114545
040 ## - FUENTE DE CATALOGACION [NR]
Agencia de catalogación original [NR] CO-BoUCM
Quien Cataloga Daniela Zuluaga
Quien Clasifica Daniela Zuluaga
041 0# - CODIGO DE IDIOMA [R]
Código de idioma para texto/pista de sonido o título separado [R] Español
100 ## - ASIENTO PRINCIPAL--NOMBRE PERSONAL [NR]
Nombre personal [NR] Mato de la Iglesia, Salustiano
ID Autoridad 174152
245 ## - MENCION DE TITULO [NR]
Título [NR] Nuevo modelo conceptual de transferencia del conocimiento
Mención de responsabilidad, etc. [NR] Salustiano Mato de la Iglesia
260 ## - PUBLICACION, DISTRIBUCION, ETC. (PIE DE IMPRENTA) [R]
Lugar de publicación, distribución, etc. [R] Salamanca
Nombre del editor, distribuidor, etc. [R] Universidad de Salamanca
Fecha de publicación, distribución, etc. [R] 2021
300 ## - DESCRIPCION FISICA [R]
Extensión [R] 153 páginas
Otros detalles físicos [NR] ilustraciones
490 ## - MENCION DE SERIE [R]
Mención de serie [R] La Universidad del siglo XXI
Designación numérica/secuencial del volumen [NR] 3
504 ## - NOTA DE BIBLIOGRAFIA, ETC. [R]
Nota de bibliografía, etc. [NR] Incluye referencias bibliográficas e índices
650 17 - ASIENTO SECUNDARIO DE MATERIA - TERMINO TEMATICO [R]
9 (RLIN) 16418
Término temático o nombre geográfico como elemento de entrada [NR] Gestión del conocimiento
650 17 - ASIENTO SECUNDARIO DE MATERIA - TERMINO TEMATICO [R]
9 (RLIN) 8585
Término temático o nombre geográfico como elemento de entrada [NR] Administración del conocimiento
650 17 - ASIENTO SECUNDARIO DE MATERIA - TERMINO TEMATICO [R]
9 (RLIN) 177
Término temático o nombre geográfico como elemento de entrada [NR] Educación superior
942 ## - ELEMENTOS DE ENTRADA AGREGADOS (KOHA)
Sistema de clasificación DEWEY
Tema principal Educación
Tipo de ítem principal el descrito en 300a Libro
Edición 1
Clasificación 378
Parte restante de la signatura top. M433n
Título oculto en OPAC No
Existencias
Signatura topográfica Código de barras Última vez visto Ejemplar Costo de reposición Price effective from Tipo de ítem Perdido Sistema de clasificación Dañado No prestable Tipo de ítem específico Suprimido Ubicación habitual Ubicación actual Localización Fecha de creación Forma de adquisición Costo
378 M433n 100169977 05/12/2025 Ej.1 26000.00 08/04/2022 Libro   DEWEY     Libro   Claustro Claustro 2do piso 08/04/2022 Donación 0.00